| 000 | 00555nam a2200157 i 4500 | ||
|---|---|---|---|
| 001 | 60275 | ||
| 003 | ES-MaACL | ||
| 005 | 20230906164210.0 | ||
| 007 | t| | ||
| 008 | 031104s1904 sp ||||1| spa d | ||
| 100 | 1 |
_aEscobar Prieto, Eugenio. _947570 |
|
| 245 | 1 | 0 |
_aOración fúnebre que, en el IV centenario de la muerte de la Reina Católica, pronunció en la Iglesia de Santa María de Cáceres / _cel Muy Ilustre Señor D. Eugenio Escobar Prieto. |
| 260 |
_aCáceres : _b[s.n.], _c1904. |
||
| 300 |
_a16 p. ; _c24 cm. |
||
| 852 |
_aES-MaACL _jT-1029-F-4 |
||
| 999 |
_c60275 _d60275 |
||